Die deutschen Torschützen bei der Fußball-Europameisterschaft 2008 - Statistiken

Allgemein
  • Dieses Quiz wurde 58 mal gespielt
  • Das Durchschnittsergebnis liegt bei 9 aus 10
Antwortstatistiken
Spiel Minute Torschütze % Korrekt
Portugal - Deutschland 2-3 26' Miroslav Klose
100%
Deutschland - Türkei 3-2 79' Miroslav Klose
100%
Deutschland - Polen 2-0 20' Lukas Podolski
98%
Deutschland - Polen 2-0 72' Lukas Podolski
98%
Kroatien - Deutschland 2-1 79' Lukas Podolski
98%
Portugal - Deutschland 2-3 22' Bastian Schweinsteiger
92%
Deutschland - Türkei 3-2 26' Bastian Schweinsteiger
92%
Deutschland - Türkei 3-2 90' Philipp Lahm
92%
Österreich - Deutschland 0-1 49' Michael Ballack
85%
Portugal - Deutschland 2-3 61' Michael Ballack
85%
Keine übereinstimmenden Quizze gefunden
Verteilung der Resultate
Anzahl Personen mit jedem Resultat
Perzentil nach korrekt beantworteten Fragen
Ihre Resultats-Entwicklung
Sie haben dieses Quiz noch nicht gespielt